| 000 | 00000nam 2200000zi 4500 |
| 001 | 9.916043 |
| 003 | CaOODSP |
| 005 | 20230120152922 |
| 006 | m o d f |
| 007 | cr cn||||||||| |
| 008 | 221007t20222022oncabd os f000 0 eng d |
| 020 | |a9780660457574 |
| 040 | |aCaOODSP|beng|erda|cCaOODSP |
| 043 | |an-cn--- |
| 086 | 1 |aHP35-173/2022E-PDF |
| 245 | 00|aCanada's breastfeeding progress report 2022. |
| 264 | 1|a[Ottawa] : |bPublic Health Agency of Canada = Agence de la santé publique du Canada, |c[2022] |
| 264 | 4|c©2022 |
| 300 | |a1 online resource (6 pages) : |billustrations, maps, graphs |
| 336 | |atext|btxt|2rdacontent |
| 337 | |acomputer|bc|2rdamedia |
| 338 | |aonline resource|bcr|2rdacarrier |
| 500 | |aCover title. |
| 500 | |aIssued also in French under title: Rapport d'avancement sur l'allaitement maternel au Canada 2022. |
| 520 | |a"This report presents a snapshot of breastfeeding outcomes for Canada, based on data collected in the 2017-18 Canadian Community Health Survey (CCHS). Outcomes presented are a selection of socio-demographic factors known to be associated with breastfeeding"--Page 1. |
| 650 | 0|aBreastfeeding|zCanada|vStatistics. |
| 710 | 2 |aPublic Health Agency of Canada, |eissuing body. |
| 775 | 08|tRapport d'avancement sur l'allaitement maternel au Canada 2022.|w(CaOODSP)9.916044 |
| 856 | 40|qPDF|s4.22 MB|uhttps://publications.gc.ca/collections/collection_2023/aspc-phac/HP35-173-2022-eng.pdf |
| 856 | 4 |qHTML|sN/A|uhttps://health-infobase.canada.ca/breastfeeding/ |
| 986 | |a220467 |